China's ownership transformation : (Record no. 14646)

000 -LEADER
fixed length control field 00648cam a22002294a 4500
020 ## - INTERNATIONAL STANDARD BOOK NUMBER
ISBN 0821362372
040 ## - CATALOGING SOURCE
Transcribing agency DLC
082 00 - DEWEY DECIMAL CLASSIFICATION NUMBER
Classification number 330 WOR 2005 A069 Or.
245 00 - TITLE STATEMENT
Title China's ownership transformation :
Remainder of title process, outcomes, prospects /
260 ## - PUBLICATION, DISTRIBUTION, ETC. (IMPRINT)
Place of publication Washington, DC :
Name of publisher World Bank,
Year of publication 2005.
300 ## - PHYSICAL DESCRIPTION
Number of Pages xvii, 235 p. :
Other physical details ill. ;
Dimensions 23 cm.
650 #0 - SUBJECT ADDED ENTRY--TOPICAL TERM
Topical Term Industrial policy
650 #0 - SUBJECT ADDED ENTRY--TOPICAL TERM
Topical Term Privatization
650 #0 - SUBJECT ADDED ENTRY--TOPICAL TERM
Topical Term Free enterprise
650 #0 - SUBJECT ADDED ENTRY--TOPICAL TERM
Topical Term Government ownership
650 #0 - SUBJECT ADDED ENTRY--TOPICAL TERM
Topical Term Government business enterprises
650 #0 - SUBJECT ADDED ENTRY--TOPICAL TERM
Topical Term Unemployment
650 #0 - SUBJECT ADDED ENTRY--TOPICAL TERM
Topical Term Corporate governance
700 1# - ADDED ENTRY--PERSONAL NAME
Personal name Garnaut, Ross.
710 2# - ADDED ENTRY--CORPORATE NAME
Corporate name or jurisdiction name as entry element World Bank.
942 ## - ADDED ENTRY ELEMENTS (KOHA)
Koha item type សៀវភៅភាសាអង់គ្លេស
952 ## - LOCATION AND ITEM INFORMATION (KOHA)
Withdrawn status [LOCAL, KOHA] 0
Holdings
Permanent Location Date acquired Koha item type Lost status Shelving location Barcode Current Location Full call number
Library Block A2017-10-24សៀវភៅភាសាអង់គ្លេស A069A06439Library Block A330 WOR 2005 A069 Or.
មជ្ឈមណ្ឌលឯការនៃសាកលវិទ្យាល័យភូមិន្ទកសិកម្មចំការដូង

Powered by Koha